| Tag |
First Indicator |
Second Indicator |
Subfields |
| LEADER |
00000cam a2200000 i 4500 |
| 001 |
in00003737726 |
| 005 |
20161102151248.0 |
| 008 |
160329s2016 nyua b 001 0 eng |
| 010 |
|
|
|a 2016007286
|
| 035 |
|
|
|a (OCoLC)ocn945730070
|
| 040 |
|
|
|a DLC
|b eng
|e rda
|c DLC
|d BDX
|d YDXCP
|d BTCTA
|d OCLCF
|d OCLCQ
|d OCLCO
|d YDX
|d OCLCO
|
| 020 |
|
|
|a 9781438462493
|q hardcover ;
|q alkaline paper
|
| 020 |
|
|
|a 1438462492
|q hardcover ;
|q alkaline paper
|
| 024 |
8 |
|
|a 40026490697
|
| 035 |
|
|
|a (OCoLC)945730070
|
| 042 |
|
|
|a pcc
|
| 050 |
0 |
0 |
|a PN1995.9.D6
|b S555 2016
|
| 082 |
0 |
0 |
|a 070.1/8
|2 23
|
| 049 |
|
|
|a TXAM
|
| 100 |
1 |
|
|a Smaill, Belinda,
|e author.
|
| 245 |
1 |
0 |
|a Regarding life :
|b animals and the documentary moving image /
|c Belinda Smaill.
|
| 264 |
|
1 |
|a Albany :
|b State University of New York Press,
|c [2016]
|
| 300 |
|
|
|a ix, 190 pages ;
|c 24 cm.
|
| 336 |
|
|
|a text
|b txt
|2 rdacontent
|
| 337 |
|
|
|a unmediated
|b n
|2 rdamedia
|
| 338 |
|
|
|a volume
|b nc
|2 rdacarrier
|
| 490 |
1 |
|
|a The SUNY series, horizons of cinema
|
| 504 |
|
|
|a Includes bibliographical references and index.
|
| 505 |
0 |
|
|a Introduction -- Labour, agriculture and long take cinema: working on the surface of the earth -- Meat, animals and paradigms of embodiment: documentary identification and the problem of food -- Arctic futures and extinction: loss, the archive and (wildlife) film -- Antarctica, science and exploration: encounters at the end of the world -- The nonfiction of youtube and "naturecams": posthumanism and reflections on agency -- In conclusion: documentary, science and the umwelt.
|
| 650 |
|
0 |
|a Documentary films
|x History and criticism.
|
| 650 |
|
0 |
|a Animals in motion pictures.
|
| 650 |
|
7 |
|a Animals in motion pictures.
|2 fast
|0 (OCoLC)fst00809585
|
| 650 |
|
7 |
|a Documentary films.
|2 fast
|0 (OCoLC)fst00896079
|
| 655 |
|
7 |
|a Criticism, interpretation, etc.
|2 fast
|0 (OCoLC)fst01411635
|
| 776 |
0 |
8 |
|i Online version:
|a Smaill, Belinda. author.
|t Regarding life.
|d Albany : State University of New York Press, [2016]
|z 9781438462509
|w (DLC) 2016015188
|
| 830 |
|
0 |
|a SUNY series, horizons of cinema.
|
| 945 |
|
|
|b 837643
|
| 947 |
|
|
|a A14813766491
|
| 994 |
|
|
|a 92
|b TXA
|
| 948 |
|
|
|a Cataloged
|b h
|c 2016/11/2
|d c
|e AReeder
|
| 999 |
f |
f |
|s 912d2869-4ef0-3c4e-a767-27b12aece78a
|i 81c7428f-49d6-38d7-8c38-5bfc44e32919
|t 0
|
| 952 |
f |
f |
|p normal
|a Texas A&M University
|b College Station
|c Sterling C. Evans Library
|d Evans: Library Stacks
|t 0
|e PN1995.9.D6 S555 2016
|h Library of Congress classification
|i unmediated -- volume
|m A14813766491
|
| 998 |
f |
f |
|a PN1995.9.D6 S555 2016
|t 0
|l Evans: Library Stacks
|